LEADER 02907nas 2201045-a 450 001 9910446850103321 005 20231116213017.0 011 $a1461-7056 035 $a(DE-599)ZDB1482673-2 035 $a(OCoLC)41551005 035 $a(CKB)954925618104 035 $a(CONSER)--2020204441 035 $a(EXLCZ)99954925618104 100 $a19990616a19959999 --- a 101 0 $aeng 135 $aur||||||||||| 181 $ctxt$2rdacontent 182 $cc$2rdamedia 183 $acr$2rdacarrier 200 10$aCulture & psychology 210 $a[Thousand Oaks, Calif.] $cSage Publications$d©1995- 215 $a1 online resource 300 $aRefereed/Peer-reviewed 311 $a1354-067X 517 3 $aCulture and psychology 531 $aCULTURE AND PSYCHOLOGY 531 $aCULT PSYCHOL 531 $aCULT. PSYCHOL 606 $aCulture$xPsychological aspects$vPeriodicals 606 $aEthnopsychology$vPeriodicals 606 $aCulture 606 $aPsychology 606 $aCulture 606 $aPsychology 606 $aEthnopsychologie$vPériodiques 606 $aCulture 606 $aPsychologie 606 $aculture note$2aat 606 $apsychology$2aat 606 $aculture (concept)$2aat 606 $a77.00 psychology: general$3(NL-LeOCL)077597524$2bcl 606 $a73.85 cultural psychology$3(NL-LeOCL)077610873$2bcl 606 $aPsychology$2fast 606 $aCulture$2fast 606 $aCulture$xPsychological aspects$2fast 606 $aEthnopsychology$2fast 606 $aKulturpsychologie$2gnd 606 $aZeitschrift$2gnd 608 $aPeriodical 608 $aperiodicals.$2aat 608 $aPeriodicals$2fast 608 $aPeriodicals.$2lcgft 608 $aPériodiques.$2rvmgf 608 $aZeitschrift$2swd 608 $aElektronische Publikation$2swd 610 00$acultuur 610 00$aculture 610 00$asociologie 610 00$asociology 610 00$apsychologie 610 00$apsychology 610 00$aidentiteit 610 00$aidentity 610 10$aCultural Sociology 610 10$aCultuursociologie 615 0$aCulture$xPsychological aspects 615 0$aEthnopsychology 615 0$aCulture. 615 0$aPsychology. 615 2$aCulture 615 2$aPsychology 615 6$aEthnopsychologie 615 6$aCulture. 615 6$aPsychologie. 615 7$aculture note. 615 7$apsychology. 615 7$aculture (concept) 615 7$a77.00 psychology: general. 615 7$a73.85 cultural psychology. 615 7$aPsychology 615 7$aCulture 615 7$aCulture$xPsychological aspects 615 7$aEthnopsychology 615 7$aKulturpsychologie 615 7$aZeitschrift 676 $a306 906 $aJOURNAL 912 $a9910446850103321 996 $aCulture & psychology$92291835 997 $aUNINA LEADER 01337nam1 22003493i 450 001 NAP0156265 005 20251003044245.0 100 $a19960221d1985 ||||0itac50 ba 101 | $aita 102 $ait 181 1$6z01$ai $bxxxe 182 1$6z01$an 200 1 $aPaleontologia$fAndrea Allasinaz 210 $aGenova$cECIG 215 $a v.$d29 cm 300 $aIn testa al front. : Dipartimento di scienze della terra dell'Universita di Torino 463 1$1001NAP0156282$12001 $aˆ1: ‰Paleontologia generale$fAndrea Allasinaz 463 1$1001NAP0156290$12001 $aˆ2: ‰Sistematica degli invertebrati$fAndrea Allasinaz 606 $aPaleontologia$2FIR$3CFIC013718$9E 676 $a562$9Invertebrati$v21 700 1$aAllasinaz$b, Andrea$3CFIV009857$4070$066467 801 3$aIT$bIT-000000$c19960221 850 $aIT-BN0095 $aIT-NA0079 $aIT-NA0070 901 $bNAP BU$c17 C $nPropedeutica. Formato cm. 28,1-38. 901 $bNAP BN$cV.F. $nLa consegna dei documenti è effettuata dall'Ufficio Distribuzione 901 $bNAP 01$c04-LT $n$ 912 $aNAP0156265 950 1$aBiblioteca Centralizzata di Ateneo$bv. 1-2$cv. 1-2$d 0104-LT 562 ALL pa 967 $m2 977 $a 01$a BN$a BU 996 $aPaleontologia$976989 997 $aUNISANNIO